000 00691nam a2200193Ia 4500
003 GCL
008 140319s9999 xx 000 0 ara d
040 _aGCL /
_cGCL
082 0 4 _a252.43
_bع ز
100 1 _aعثمان حسنين عبدالله
245 1 0 _aالزكاة الضمان الاجتماعى الاسلامى /
_cعثمان حسنين عبدالله
260 _a[S.N] :
_bدار الوفاء للطباعة والنشر والتوزيع ،
_c1989
300 _a270 ص
490 _aاضواء على الاقتصاد الاسلامى
_v0
650 0 4 _aالزكاة احكام وشروط
650 0 4 _aالزكاة
650 0 4 _aاحكام وشروط
942 _2ddc
_cBK
999 _c53922
_d53922